| 000 | 00538aam a2200193 4500 | ||
|---|---|---|---|
| 005 | 20161121173411.0 | ||
| 008 | 150413b xxu||||| |||| 00| 0 spa d | ||
| 041 | _aspa | ||
| 082 | _a004.68 B345r | ||
| 100 |
_aBeltrao Moura, José Antao _933303 |
||
| 245 | _aRedes locales de computadoras: protocolos de alto nivel y evaluación de prestaciones | ||
| 260 | _aMéxico | ||
| 260 | _bMcGraw-Hill | ||
| 260 | _c1992 | ||
| 300 | _a442 páginas | ||
| 650 |
_aREDES DE COMPUTADORES _96512 |
||
| 650 |
_aREDES LOCALES _910644 |
||
| 942 | _cBK | ||
| 999 |
_c4574 _d4574 |
||